000 00618nam a2200181Ia 4500
008 100921s9999 xx 000 0 und d
082 _b24564
_a891.463 थ 92
100 _aबोकील संजीवनी.
245 _aअभिमान.
260 _bनिहारा प्रकाशन, पुणे.
_c1992
300 _a132
_bमॅजेस्टीक प्रकाशन,पुणे.
365 _b50
520 _aललित-कादंबरी.
630 _aअभिमान.
650 _aललित-कादंबरी.
730 _aअभिमान.
942 _cBOOK
999 _c773677
_d773674